International models for delivery of affordable housing in Asia (Record no. 116289)

MARC details
000 -LEADER
fixed length control field 01065cam a22002535a 4500
001 - CONTROL NUMBER
control field L160237
008 - FIXED-LENGTH DATA ELEMENTS--GENERAL INFORMATION
fixed length control field 190514s2019 xxk f 000 0 eng d
020 ## - INTERNATIONAL STANDARD BOOK NUMBER
ISBN 9781783213566
035 ## - SYSTEM CONTROL NUMBER
System control number (Sirsi) u160237
041 0# - LANGUAGE CODE
Language code of text/sound track or separate title eng
100 1# - MAIN ENTRY--PERSONAL NAME
Personal author Whitehead, Christine
245 00 - TITLE STATEMENT
Title International models for delivery of affordable housing in Asia
Medium [electronic resource]
260 ## - PUBLICATION INFORMATION
Place of publication London
Date RiCS
Publisher 2019
520 ## - ABSTRACT
Abstract Aims to identify different national housing models across Asia for delivering affordable housing, in order to see what lessons may be transferable. It raises questions about acceptable standards of affordable housing for different socioeconomic conditions, including tenure security, construction standards and environmental/space standards
590 ## - LOCAL NOTE (RLIN)
Local note NTK
650 24 - KEYWORDS
Keywords AFFORDABLE HOUSING
9 (RLIN) 6215
651 #4 - SUBJECT ADDED ENTRY--GEOGRAPHIC NAME
Geographic name Asia
690 ## - BROAD SUBJECT
Broad subject Residential property
9 (RLIN) 6266
690 ## - BROAD SUBJECT
Broad subject Planning and development
9 (RLIN) 6259
700 1# - ADDED PERSONAL NAME
Added personal author Tang, Connie
700 1# - ADDED PERSONAL NAME
Added personal author Mulhall, Tony
856 40 - ONLINE RESOURCE
Public note View the items free of charge at www.rics.org
Uniform Resource Identifier <a href="https://">https://</a>
942 ## - ADDED ENTRY ELEMENTS (KOHA)
Suppress in OPAC Do not suppress in OPAC
Holdings
Lost status Source of classification or shelving scheme Damaged status Not for loan Home library Current library Shelving location Date acquired Total Checkouts Full call number Barcode Date last seen Copy number Price effective from Koha item type
        Archives Archives Archive copy 20/12/2019   RICS 2019/16   20/12/2019   20/12/2019 News article
        London London BCIS/BMI publications 20/12/2019       20/12/2019   20/12/2019 Book
  Dewey Decimal Classification     Virtual Virtual Online 14/05/2019   ONLINE PUBLICATON 160237-2001 06/08/2019 1 06/08/2019 Book